|
|
|
|
| LEADER |
00000nta a2200000 i 4500 |
| 001 |
dolg21573 |
| 005 |
20190521082419.0 |
| 008 |
190521suuuu hu o 000 hun d |
| 040 |
|
|
|a BGE Dolgozattár Repozitórium
|b hun
|
| 041 |
|
|
|a hu
|
| 100 |
1 |
|
|a Greksa Bence
|
| 245 |
1 |
0 |
|a Egy adatbázis tervezésének és szervezésének általános elvi és gyakorlati problémái
|c Greksa Bence
|h [elektronikus dokumentum]
|
| 246 |
1 |
1 |
|a Egy adatbázis tervezésének és szervezésének általános elvi és gyakorlati problémái
|
| 516 |
|
|
|a Final_paper
|
| 695 |
|
|
|a adatbàzis
|
| 695 |
|
|
|a wafermapping
|
| 700 |
1 |
|
|a Mészáros György
|e ths
|
| 700 |
1 |
|
|a Petho Gabor
|e ths
|
| 856 |
4 |
0 |
|u http://dolgozattar.uni-bge.hu/21573/1/nyilatkozat.pdf
|z Dokumentum-elérés
|
| 856 |
4 |
0 |
|u http://dolgozattar.uni-bge.hu/21573/2/greksa_bence_szakdolgozat_w6tpfq.pdf
|z Dokumentum-elérés
|